01976nam a2200325uu 4500001000800000005001700008007001000025008004100035035001200076040001300088041000800101080000800109100005200117245013500169260004300304300001700347520075800364650003701122650005101159650003301210650003701243650005801280700005501338700005601393942001001449999001901459502001201478526000801490952015201498110424020260507084324.0cr|||||||080919s2008 spa  a1104240 ccomduadb aspa aEGA10aMarín Aguilar, Doris Harley4auteaut955869010aGestión de residuos peligrosos industriales en el Valle de Aburrá en los últimos diez años (1997-2007): un estado del arte aMedellín :b[sin publicador],c2008. a74 páginas3 aRESUMEN. Con la construcción de este estado del arte se busca conocer cuál ha sido la gestión de los residuos peligrosos industriales en el Valle de Aburrá entre los años 1997 y 2007, teniendo como soporte fuentes documentales acerca de ésta temética que circulan en el Valle de Aburrá, analizándolas de acuerdo a diferentes categorías con las que se busca conocer hacia donde se ha apuntado en dicha gestión. Por último, se pretende a partir de los vacíos que se encuentran plantear algunas líneas de investigación sobre este tipo de residuos, teniendo como referente o guía el presente estado del arte sobre la gestión de los residuos peligrosos industriales en el Valle de Aburrá, durante el periódo 1997 - 2007. 7aResiduos peligrosos2lemb920348 aResiduos sólidos - Valle de Aburrá9159718 7aEstado del arte2lemb922432 7aGestión ambiental2lemb936466 aGestión integral de los residuos peligrosos916125410aArboleda López, Natalia Andrea4auteaut953672510aRodríguez Arboleda, Juan Carlos4thseths9557136 cTESIS c479591d479591 b190c17 a192 001040708TESDIGaCENDIbCENDId2022-06-28eMaterial adquirido por donacióniC13324192l0oEGA 04606r2023-04-28 00:00:00t1w2023-04-28yINTER